[Event "COL-ch Blitz"]
[Site "Bucaramanga"]
[Date "2024.10.27"]
[Round "4.18"]
[White "Bernardo Beleno, Erik"]
[Black "Hurtado Paez, Andres Jesus"]
[Result "0-1"]
[WhiteElo "1662"]
[BlackElo "1921"]
[PlyCount "46"]
[EventDate "2024.10.27"]
[EventType "swiss (blitz)"]
[EventRounds "11"]
[EventCountry "COL"]
[SourceTitle "CB44_2024"]
[Source "Chessbase"]
[SourceDate "2024.10.30"]
[SourceVersion "1"]
[SourceVersionDate "2024.10.30"]
[SourceQuality "1"]

1. Nc3 d5 2. e4 d4 3. Nce2 c5 4. Ng3 Nc6 5. c3 e5 6. Nf3 Nf6 7. Bb5 Bg4 8. h3 Bxf3 9. Qxf3 Bd6 10. 0-0 0-0 11. Bxc6 bxc6 12. Nf5 g6 13. Nh6+ Kg7 14. Ng4 Nxg4 15. Qxg4 f5 16. exf5 Rxf5 17. d3 Qf6 18. Qe4 Bc7 19. g4 Rf3 20. Kg2 Rf8 21. Qe2 Qh4 22. Bd2 Qxh3+ 23. Kg1 e4 0-1

[Event "COL-ch U12"]
[Site "Choconta"]
[Date "2023.03.19"]
[Round "5"]
[White "Bernardo Beleno, Erik"]
[Black "Delgado Caballero, Kevin Daniel"]
[Result "1-0"]
[WhiteElo "1181"]
[BlackElo "1361"]
[PlyCount "85"]
[EventDate "2023.03.17"]
[EventType "swiss"]
[EventRounds "7"]
[EventCountry "COL"]
[SourceTitle "CBM 213 Extra"]
[Source "ChessBase"]
[SourceDate "2023.05.31"]
[SourceVersion "1"]
[SourceVersionDate "2023.05.31"]
[SourceQuality "1"]

1. e4 e5 2. Nf3 Nc6 3. d4 exd4 4. Bc4 Nf6 5. 0-0 Nxe4 6. Re1 d5 7. Bxd5 Qxd5 8. Nc3 Qd8 9. Nxe4 Be6 10. Neg5 Qd7 11. Nxf7 Qxf7 12. Ng5 Qd7 13. Nxe6 Ne7 14. Bg5 g6 15. Nxf8 Kxf8 16. Bxe7+ Kg7 17. Bc5 Rhe8 18. Bxd4+ Kg8 19. Be3 Qb5 20. Qf3 Rad8 21. a4 Qc4 22. Bg5 Rxe1+ 23. Rxe1 Rf8 24. Qb3 Qxb3 25. cxb3 Rf5 26. h4 Kf8 27. Rd1 Rc5 28. Rd7 h5 29. Be7+ Ke8 30. Bxc5 Kxd7 31. Bxa7 b6 32. a5 Kc6 33. axb6 cxb6 34. Bb8 Kb5 35. Bd6 g5 36. hxg5 h4 37. g6 h3 38. g7 h2+ 39. Kxh2 Ka5 40. g8Q b5 41. b4+ Kb6 42. Qc8 Ka7 43. Bc5# 1-0